LEADER 01235nam--2200409---450- 001 990000746920203316 005 20090311155025.0 010 $a0-51-37155-4 035 $a0074692 035 $aUSA010074692 035 $a(ALEPH)000074692USA01 035 $a0074692 100 $a20011115d1991----km-y0itay0103----ba 101 $aeng 102 $aGB 105 $a||||||||001yy 200 1 $aLeading economic indicators$enew approaches and forecasting records$fedited by kajal Lahiri and Geoffrey H. Moore 210 $aCambridge$cCambridge university press$d1991 215 $aXIV, 464 p.$d24 cm 410 $12001 461 1$1001-------$12001 606 0 $aCicli economici 606 0 $aEconomia$xPrevisioni 676 $a330.0112 702 1$aLAHIRI,$bKajal 702 1$aMOORE,$bGeoffrey Hoyt 801 0$aIT$bsalbc$gISBD 912 $a990000746920203316 951 $a330.011 LEA 1 (IEP VIII 1128)$b2470 EC$cIEP VIII$d00201698 959 $aBK 969 $aECO 979 $aPATTY$b90$c20011115$lUSA01$h1719 979 $c20020403$lUSA01$h1722 979 $aPATRY$b90$c20040406$lUSA01$h1651 979 $aRSIAV3$b90$c20090311$lUSA01$h1550 996 $aLEADING economic indicators$9634908 997 $aUNISA LEADER 01874nam 2200553 a 450 001 9910452559103321 005 20200520144314.0 010 $a0-7391-3884-7 010 $a0-7391-3886-3 035 $a(CKB)2550000001108651 035 $a(EBL)1224118 035 $a(OCoLC)852757945 035 $a(SSID)ssj0000885716 035 $a(PQKBManifestationID)12339566 035 $a(PQKBTitleCode)TC0000885716 035 $a(PQKBWorkID)10816451 035 $a(PQKB)11767889 035 $a(MiAaPQ)EBC1224118 035 $a(Au-PeEL)EBL1224118 035 $a(CaPaEBR)ebr10716588 035 $a(CaONFJC)MIL495461 035 $a(EXLCZ)992550000001108651 100 $a20100921d2011 uy 0 101 0 $aeng 135 $aur|n|---||||| 181 $ctxt 182 $cc 183 $acr 200 10$aAnscombe's moral philosophy$b[electronic resource] /$fDuncan Richter 210 $aLanham, Md. $cLexington Books$dc2011 215 $a1 online resource (190 p.) 300 $aDescription based upon print version of record. 311 $a0-7391-3885-5 311 $a1-299-64211-X 320 $aIncludes bibliographical references (p. 173-176) and index. 327 $aWar -- Consequentialism -- Obligation -- Intention -- Sex -- Conclusion. 330 $aAnscombe's Moral Philosophy is an accessible introduction to Elizabeth Anscombe's work on ethics. It also offers a critique of her views on such diverse subjects as the bombing of Hiroshima, same-sex marriage, consequentialism, moral obligation, and intention. 606 $aEthics 608 $aElectronic books. 615 0$aEthics. 676 $a170.92 700 $aRichter$b Duncan$0999496 801 0$bMiAaPQ 801 1$bMiAaPQ 801 2$bMiAaPQ 906 $aBOOK 912 $a9910452559103321 996 $aAnscombe's moral philosophy$92293831 997 $aUNINA